000 00465cam a2200181ua 4500
001 2542
008 110912n ii |||gr||||Z||||||asm
040 _cMAIN
082 _a491.451
100 _aTalukdar, Priyadas,
_eAuthor.
245 1 _aAsamiya bhasha budhika
_cby Priyadas Talukdar
260 _aGuahati:
_bLBS publication,983.
300 _a416p:
_c23cm.
653 _aLanguage
653 _aAssamese language
653 _aAsamiya bhasha budhika
942 _cBK
999 _c2395
_d2395